面積が500㎢を超える市町村(サドンデス) - Statistics

General Stats
  • This quiz has been taken 29 times
  • The average score is 1 of 15
Answers on the Grid
Answers color-coded by a green-red scale on the quiz's grid according to % correct below.
椎葉村
豊頃町
福山市
西予市
芽室町
西条市
湧別町
恵那市
登米市
大分市
京丹後市
新発田市
津山市
名寄市
姫路市
新城市
川根本町
新十津川町
丹波市
北九州市
鹿沼市
中津市
廿日市市
深浦町
唐津市
八女市
甲賀市
岩見沢市
幕別町
竹田市
 
Answer Stats
Answer % Correct
約534㎢ 姫路市
39%
約502㎢ 大分市
22%
約536㎢ 登米市
17%
約517㎢ 福山市
13%
約513㎢ 芽室町
13%
約534㎢ 名寄市
13%
約537㎢ 椎葉村
9%
約514㎢ 西予市
9%
約506㎢ 津山市
9%
約501㎢ 京丹後市
4%
約536㎢ 豊頃町
0%
約510㎢ 西条市
0%
約505㎢ 湧別町
0%
約504㎢ 恵那市
0%
約533㎢ 新発田市
0%
No matching quizzes found
Score Distribution
Percent of People with Each Score
Percentile by Number Answered
Your Score History
You have not taken this quiz